01360nam a2200217 a 4500008004100000020001800041041000800059092001600067100002700083245004600110250001200156260002400168300001100192500007300203505056100276590006000837655002100897942001300918999001500931952019600946200311s2007 es ||||cr|||| 000 1 spa d a9788434850538 aspa c808l8sBOR1 aBordons, Paloma.941323 aLa tierra de las papas /cPaloma Bordons. a20a ed. aMadrid:bSM;c2007. a142 p. aBordons, P. (2007). La tierra de las papas. (20a ed.). Madrid : SM.  aA Marìa se le cae el mundo encima cuando su padre le dice que se van a vivir a Bolivia. Lo primero, declararle la guerra frìa; lo segundo, consultar en la enciclopedia. Lo tercero ...hacer las maletas... Paloma Bordons (Madrid, 1964)estudio ingenieria tècnica forestal y filologia hispànica. Tras vivir en Bolivia donde escribio esta novela-, actualmente reside en Argentina. Ediciones SM ha publicado tambièn sus libros La se orita Pepota, Quiero ser famosa, Mico, Chis y Garab s, rame una vez, La recaraba, En casa de los Colodrillo y De noche. aProyecto 4to libro. Donación Pardo Paula. Marzo 2020. aLiteratura92917 2ddccLIT c3086d3086 00102ddc4070aBFMbBFMcCRd2020-03-11eDonación Pardo, Paula. marzo 2020l0o808 8 BORp4643r2020-03-11tEj. 1w2020-03-11yLITzProyecto 4to libro. Donación Pardo, Paula. marzo 2020